Statistics for Guess The North And South American Capitals.

Click here to take the quiz!

General Stats

  • This quiz has been taken 165 times
  • The average score is 30 of 35

Answer Stats

HintAnswer% Correct
BrazilBrasilia
95%
ArgentinaBuenosAires
93%
PanamaPanamaCity
93%
United StatesWashington/dc/colombia
93%
ColombiaBogota
92%
VenezuelaCaracas
92%
MexicoMexicoCity
92%
ChileSantiago
92%
GuatemalaGuatemalaCity
91%
BoliviaLa Paz or Sucre
91%
CanadaOttawa
91%
UruguayMontevideo
89%
EcuadorQuito
89%
El SalvadorSanSalvador
89%
CubaHavana
88%
PeruLima
88%
GrenadaSaint George/St George
88%
JamaicaKingston
87%
Saint Vincent and the GrenadinesKingstown
87%
ParaguayAsuncion
86%
GuyanaGeorgetown
86%
NicaraguaManagua
86%
Costa RicaSanJose
86%
Dominican RepublicSantoDomingo
84%
HaitiPortAuPrince
83%
BahamasNassau
80%
SurinameParamaribo
79%
BelizeBelmopan
76%
Antigua and BarbudaSaint John/St John
75%
HondurasTegucigalpa
72%
Trinidad and TobagoPortofSpain
70%
BarbadosBridgetown
68%
Saint Kitts and NevisBasseterre
67%
Saint LuciaCastries
67%
DominicaRoseau
67%

Score Distribution

Percentile by Number Answered

Percent of People with Each Score

Your Score History

You have not taken this quiz